000 00525nam a2200205Ia 4500
003 OSt
005 20221007082834.0
006 a|||||r|||| 00| 0
007 ta
008 221006b |||||||| |||| 00| 0 eng d
024 _a30,271
037 _cDissertations
040 _aFLL
_cFLL
_beng
041 _2eng
_aeng
100 _aJogindri
_9699601
245 0 _aconstitutional perspective of environmental protection in India
300 _a149p
_ccm.
942 _cDIS
_2CC
999 _c1167900
_d1167900